MODERN GEOTECHNICAL ENGG. (Record no. 713073)

MARC details
000 -LEADER
fixed length control field 00235nam a2200097Ia 4500
008 - FIXED-LENGTH DATA ELEMENTS--GENERAL INFORMATION
fixed length control field 230508s1999 xx 000 0 und d
041 ## - LANGUAGE CODE
Language code of text/sound track or separate title eng
100 ## - MAIN ENTRY--PERSONAL NAME
Personal name ALAM SINGH
245 ## - TITLE STATEMENT
Title MODERN GEOTECHNICAL ENGG.
260 ## - PUBLICATION, DISTRIBUTION, ETC.
Name of publisher, distributor, etc. C.B.S. PUBLI.
Date of publication, distribution, etc. 1999

No items available.